<?xml version="1.0" encoding="UTF-8"?>
<record
    xmlns:xsi="http://www.w3.org/2001/XMLSchema-instance"
    xsi:schemaLocation="http://www.loc.gov/MARC21/slim http://www.loc.gov/standards/marcxml/schema/MARC21slim.xsd"
    xmlns="http://www.loc.gov/MARC21/slim">

  <leader>01629nam a2200265 i 4500</leader>
  <controlfield tag="001">183442</controlfield>
  <controlfield tag="003">ES-MaACL</controlfield>
  <controlfield tag="005">20250807122729.0</controlfield>
  <controlfield tag="008">140422s1892    it           |||| | ita d</controlfield>
  <datafield tag="100" ind1="1" ind2=" ">
    <subfield code="a">Brunialti, Attilio.</subfield>
    <subfield code="9">32183</subfield>
  </datafield>
  <datafield tag="245" ind1="1" ind2="3">
    <subfield code="a">Lo stato e la Chiesa in Italia </subfield>
    <subfield code="b">: prefazione / </subfield>
    <subfield code="c">A. Brunialti. La chiesa e lo stato dopo la Rivoluzione francese / F. Laurent. La Chiesa e lo stato nella Costituzione belga / Alberto Nyssens. Chiesa e Stato negli Stati Uniti, ovvero l'idea americana della libert&#xE0; religiosa ed i suoi effetti pratici / Filippo Schaff . Stato e Chiesa / W. C. Knitschky.  Esposizione generale delle relazioni fra lo Stato e la Chiesa / Hinschius.  Chiesa e Stato considerati giuridicamente / Lodovico de Hammerstein . La libert&#xE0; di coscienza / G. Simon.</subfield>
  </datafield>
  <datafield tag="260" ind1=" " ind2=" ">
    <subfield code="a">Torino : </subfield>
    <subfield code="b">Unione Tipografico-Editrice, </subfield>
    <subfield code="c">1892.</subfield>
  </datafield>
  <datafield tag="300" ind1=" " ind2=" ">
    <subfield code="a">CCCXXX, 1391 p. ; </subfield>
    <subfield code="c">24 cm.</subfield>
  </datafield>
  <datafield tag="490" ind1="1" ind2=" ">
    <subfield code="a">Biblioteca di scienze politiche: scelta collezione delle pi&#xF9; importanti opere moderne italiane e straniere dei scienze politiche / diretta de Attilio Brunialti ; </subfield>
    <subfield code="v">8</subfield>
  </datafield>
  <datafield tag="700" ind1="1" ind2=" ">
    <subfield code="a">Laurent, Fran&#xE7;ois, </subfield>
    <subfield code="d">1810-1887</subfield>
    <subfield code="9">128741</subfield>
  </datafield>
  <datafield tag="700" ind1="1" ind2=" ">
    <subfield code="a">Nyssens, Albert.</subfield>
    <subfield code="9">154769</subfield>
  </datafield>
  <datafield tag="700" ind1="1" ind2=" ">
    <subfield code="a">Sch&#xE4;ff, Philipp.</subfield>
    <subfield code="9">154770</subfield>
  </datafield>
  <datafield tag="700" ind1="1" ind2=" ">
    <subfield code="a">Knitschky, W. C.</subfield>
    <subfield code="9">154771</subfield>
  </datafield>
  <datafield tag="700" ind1="1" ind2=" ">
    <subfield code="a">Hinschius, Paul.</subfield>
    <subfield code="9">154772</subfield>
  </datafield>
  <datafield tag="700" ind1="1" ind2=" ">
    <subfield code="a">Hammerstein, Ludwing de.</subfield>
    <subfield code="9">154773</subfield>
  </datafield>
  <datafield tag="700" ind1="1" ind2=" ">
    <subfield code="a">Simon, G.</subfield>
    <subfield code="9">154774</subfield>
  </datafield>
  <datafield tag="830" ind1="0" ind2=" ">
    <subfield code="a">Biblioteca di scienze politiche: scelta collezione delle pi&#xF9; importanti opere moderne italiane e straniere dei scienze politiche / diretta de Attilio Brunialti ; </subfield>
    <subfield code="v">8</subfield>
    <subfield code="9">224984</subfield>
  </datafield>
  <datafield tag="852" ind1=" " ind2=" ">
    <subfield code="a">ES-MaACL</subfield>
    <subfield code="j">B-9322</subfield>
  </datafield>
  <datafield tag="999" ind1=" " ind2=" ">
    <subfield code="c">183442</subfield>
    <subfield code="d">183442</subfield>
  </datafield>
  <datafield tag="952" ind1=" " ind2=" ">
    <subfield code="0">0</subfield>
    <subfield code="1">0</subfield>
    <subfield code="4">0</subfield>
    <subfield code="7">0</subfield>
    <subfield code="8">LIBXIX</subfield>
    <subfield code="a">ATENEOM</subfield>
    <subfield code="b">ATENEOM</subfield>
    <subfield code="c">SPB</subfield>
    <subfield code="d">2014-04-22</subfield>
    <subfield code="e">COM</subfield>
    <subfield code="l">0</subfield>
    <subfield code="o">B-9322</subfield>
    <subfield code="p">1192809</subfield>
    <subfield code="r">2023-02-23 00:00:00</subfield>
    <subfield code="w">2023-02-23</subfield>
    <subfield code="y">MONANT</subfield>
  </datafield>
</record>
